REIMAGINING BUSINESS EDUCATION INSIGHTS (Record no. 28109)
[ view plain ]
| 000 -LEADER | |
|---|---|
| fixed length control field | 00322nam a2200121Ia 4500 |
| 008 - FIXED-LENGTH DATA ELEMENTS--GENERAL INFORMATION | |
| fixed length control field | 240624s9999 xx 000 0 und d |
| 041 ## - LANGUAGE CODE | |
| Language code of text/sound track or separate title | eng |
| 082 ## - DEWEY DECIMAL CLASSIFICATION NUMBER | |
| Classification number | 658 CAR |
| 100 ## - MAIN ENTRY--PERSONAL NAME | |
| Personal name | CARLILE PAUL R |
| 245 ## - TITLE STATEMENT | |
| Title | REIMAGINING BUSINESS EDUCATION INSIGHTS |
| 260 ## - PUBLICATION, DISTRIBUTION, ETC. | |
| Date of publication, distribution, etc. | 2016 |
| Place of publication, distribution, etc. | New Delhi |
| Name of publisher, distributor, etc. | Emerald |
| 300 ## - PHYSICAL DESCRIPTION | |
| Extent | xv, : 127 : p. : cm. ; 23 |
| Withdrawn status | Lost status | Damaged status | Not for loan | Home library | Current library | Shelving location | Date acquired | Total Checkouts | Full call number | Barcode | Date due | Date last seen | Date last checked out | Price effective from | Koha item type |
|---|---|---|---|---|---|---|---|---|---|---|---|---|---|---|---|
| IMTN | IMTN | Rack 22-A | 12/12/2016 | 1 | 658 CAR | 28109 | 10/14/2024 | 07/06/2024 | 07/06/2024 | 06/24/2024 | Books |